000
00263nam a22001097a 4500
082
_a
621.89 PIN'T
100
_a
PINKS, D,STERNLICHT, B
_9
80346
245
_a
THEORY OF HYDRAULIC LUBRICATION
260
_a
NEWYORK
_b
MCGRAW HILL
_c
1961
300
_a
465P
942
_c
BK
999
_c
585298
_d
585298